| 000 | 00513nam a2200181Ia 4500 | ||
|---|---|---|---|
| 003 | GCL | ||
| 008 | 140319s9999 xx 000 0 aFre d | ||
| 040 |
_aGCL / _cGCL |
||
| 082 | 0 | 4 |
_aCC _b953 _bH E |
| 100 | 1 | _aHAMILTON, ALASTAIR | |
| 245 | 1 | 0 |
_aL'EUROPE ET LE MONDE ARABE / _cHAMILTON, ALASTAIR |
| 260 |
_aفرنسا : _bINSTITUT DU MONDE ARABE ، _c1993 |
||
| 300 |
_a32 CM ؛ _c207 P |
||
| 650 | 0 | 4 | _aCRUSADES |
| 650 | 0 | 4 | _aARAB COUNTRIES - HISTORY |
| 650 | 0 | 4 | _aEUROPE AND THE ARAB WORLD |
| 942 |
_2ddc _cBK |
||
| 999 |
_c20391 _d20391 |
||